Eastern Utah Libraries Catalog: Duchesne, Heber, Roosevelt, & Vernal

Dawn Patrol / (Record no. 408632)

MARC details
000 -LEADER
fixed length control field 01818cam a2200409 i 4500
001 - CONTROL NUMBER
control field 1518704462
003 - CONTROL NUMBER IDENTIFIER
control field OCoLC
005 - DATE AND TIME OF LATEST TRANSACTION
control field 20250606150526.0
008 - FIXED-LENGTH DATA ELEMENTS--GENERAL INFORMATION
fixed length control field 250507s2025 maua b 000 1 eng d
010 ## - LIBRARY OF CONGRESS CONTROL NUMBER
LC control number bl2025047586
020 ## - INTERNATIONAL STANDARD BOOK NUMBER
International Standard Book Number 9781536235098
Qualifying information hc.
020 ## - INTERNATIONAL STANDARD BOOK NUMBER
International Standard Book Number 1536235091
Qualifying information hc.
035 ## - SYSTEM CONTROL NUMBER
System control number (OCoLC)1518704462
040 ## - CATALOGING SOURCE
Original cataloging agency FX8
Language of cataloging eng
Description conventions rda
Transcribing agency FX8
Modifying agency FX8
-- OCLCO
-- SDG
-- OCLCO
050 14 - LIBRARY OF CONGRESS CALL NUMBER
Classification number PZ7.1.S295
Item number Daw 2025
082 04 - DEWEY DECIMAL CLASSIFICATION NUMBER
Classification number [E]
Edition number 23/eng/20250506
092 ## - LOCALLY ASSIGNED DEWEY CALL NUMBER (OCLC)
Classification number children nonfiction
Item number Sayegh
100 1# - MAIN ENTRY--PERSONAL NAME
Personal name Sayegh, Rob,
Titles and other words associated with a name Jr.,
Relator term author,
-- illustrator.
9 (RLIN) 6409932
245 10 - TITLE STATEMENT
Title Dawn Patrol /
Statement of responsibility, etc Rob Sayegh Jr..
250 ## - EDITION STATEMENT
Edition statement First edition.
264 #1 - Production, Publication, Distribution, Manufacture, and Copyright Notice.
Place of production, publication, distribution, manufacture Somerville, Massachusetts :
Name of producer, publisher, distributor, manufacturer Candlewick Press,
Date of production, publication, distribution, manufacture, or copyr 2025.
300 ## - PHYSICAL DESCRIPTION
Extent 1 volume (unpaged) :
Other physical details color illustrations ;
Dimensions 24 x 26 cm.
336 ## - Content Type
Content type term text
336 ## - Content Type
Content type term still image
337 ## - Media type
Media type term unmediated
338 ## - Carrier type
Carrier type term volume
520 ## - SUMMARY, ETC.
Summary, etc "Waking with the first glimpse of sun, a father and daughter set out together for the shore, donning wetsuits and laughing as their giant shadows stretch out before them. For this duo, the cherished routine means watching with awe as surfers glide on waves like brushstrokes across canvas. It means just enough encouragement to turn nervousness into excitement; it means wiping out and trying again and again. But the Dawn Patrol is about more than spending time on the water"--
650 #0 - SUBJECT ADDED ENTRY--TOPICAL TERM
Topical term or geographic name as entry element Parent and child
Form subdivision Juvenile fiction.
9 (RLIN) 5689351
650 #0 - SUBJECT ADDED ENTRY--TOPICAL TERM
Topical term or geographic name as entry element Surfing
Form subdivision Juvenile fiction.
9 (RLIN) 5722644
650 #0 - SUBJECT ADDED ENTRY--TOPICAL TERM
Topical term or geographic name as entry element Surfers
Form subdivision Juvenile fiction.
9 (RLIN) 6508110
650 #1 - SUBJECT ADDED ENTRY--TOPICAL TERM
Topical term or geographic name as entry element Parent and child
Form subdivision Fiction.
9 (RLIN) 5687507
650 #1 - SUBJECT ADDED ENTRY--TOPICAL TERM
Topical term or geographic name as entry element Surfing
Form subdivision Fiction.
9 (RLIN) 5722646
650 #1 - SUBJECT ADDED ENTRY--TOPICAL TERM
Topical term or geographic name as entry element Surfers
Form subdivision Fiction.
9 (RLIN) 5706775
650 #1 - SUBJECT ADDED ENTRY--TOPICAL TERM
Topical term or geographic name as entry element Picture books.
655 #7 - INDEX TERM--GENRE/FORM
Genre/form data or focus term Picture books.
Source of term lcgft.
942 ## - ADDED ENTRY ELEMENTS (KOHA)
Source of classification or shelving scheme Dewey Decimal Classification
Koha item type BOOK
Holdings
Withdrawn status Lost status Source of classification or shelving scheme Damaged status Not for loan Collection code Home library Current library Shelving location Date acquired Source of acquisition Total Checkouts Total Renewals Full call number Barcode Date last seen Date checked out Cost, replacement price Price effective from Koha item type
    Dewey Decimal Classification     Children NonFiction Wasatch County Library Wasatch County Library Main Floor Childrens Area 06/06/2025 KidsReference 1 1 E Family Sayegh 34301002157271 07/18/2025 06/19/2025 18.99 06/06/2025 BOOK
This project was made possible through a grant from the Institute of Museum and Library Service administered by the Utah State Library Division.

Wasatch County Library

  • 465 East 1200 South, Heber City, Utah 84032
  • Phone 435-654-1511 | Fax 435-654-6456

Hours

  • Monday - Friday 9:30 AM - 8:00 PM
  • Saturday 9:30 AM - 1:30 PM
  • Closed Sundays and Holidays